BIOPHARMACUETICS AND PHARMACOKINETICS - A TREATISE (Record no. 8286)

MARC details
000 -LEADER
fixed length control field 00495nam a22001817a 4500
005 - DATE AND TIME OF LATEST TRANSACTION
control field 20230403161437.0
008 - FIXED-LENGTH DATA ELEMENTS--GENERAL INFORMATION
fixed length control field 230403b |||||||| |||| 00| 0 eng d
020 ## - INTERNATIONAL STANDARD BOOK NUMBER
ISBN 978818-5731933
041 ## - LANGUAGE CODE
Language code of text/sound track or separate title eng
082 ## - DEWEY DECIMAL CLASSIFICATION NUMBER
Classification number 615.7 BRA-B
100 ## - MAIN ENTRY--AUTHOR NAME
Personal name BRAHMANKAR, D M AND JAISWAL ,SUNIL B.
245 ## - TITLE STATEMENT
Title BIOPHARMACUETICS AND PHARMACOKINETICS - A TREATISE
250 ## - EDITION STATEMENT
Edition statement 3rd ed.
260 ## - PUBLICATION, DISTRIBUTION, ETC. (IMPRINT)
Name of publisher VALLABH PRAKASHAN
Year of publication 2022
300 ## - PHYSICAL DESCRIPTION
Number of Pages 544;P.
650 ## - SUBJECT ADDED ENTRY--TOPICAL TERM
Topical Term PHARMACY
General subdivision B. PHARMA
942 ## - ADDED ENTRY ELEMENTS (KOHA)
Koha item type Books
Holdings
Lost status Damaged status Collection code Home library Current library Shelving location Date acquired Source of acquisition Cost, normal purchase price Full call number Accession Number Koha item type
    Reference JRU Library JRU Library SHELF-17-G 27/03/2023 LOHIA BOOK INTERNATIONAL 440.00 615.7 BRA-B 27675 Books
    PHARMACY JRU Library JRU Library SHELF-17-G 27/03/2023 LOHIA BOOK INTERNATIONAL 440.00 615.7 BRA-B 27676 Books
    PHARMACY JRU Library JRU Library SHELF-17-G 27/03/2023 LOHIA BOOK INTERNATIONAL 440.00 615.7 BRA-B 27677 Books
    PHARMACY JRU Library JRU Library SHELF-17-G 27/03/2023 LOHIA BOOK INTERNATIONAL 440.00 615.7 BRA-B 27678 Books
    PHARMACY JRU Library JRU Library SHELF-17-G 27/03/2023 LOHIA BOOK INTERNATIONAL 440.00 615.7 BRA-B 27679 Books